LEADER 03109nam a2200493 u 4500 001 000000035835 003 CaOOAMICUS 005 20070226112630.0 008 980306m19351936fr u000 u fre u 035 $a10785712 040 $aPUL(R)$bita 245 00$aRépertoire pratique de droit civil et écclesiastique /$cpar un grpup de professeurs et de jurisconsultes. 260 $aParis :$bMaison de la Bonne Presse,$c1935-1936. 300 $a4 v. ;$c19 cm 490 1 $aCollection de la "Documentation catholique" 500 $aInclude indici. 500 $aContributi di Auguste Rivet et al. 504 $aBibliografia in nota. 505 0 $av.1: Abjuration, Avortement -- v.2: Bail, Bureaux de placement -- v.3: Caisse des écoles, Colportage -- Appendice au Tome 1. Assurances sociales. 650 4$aDiritto ecclesiastico$zFrancia.$0(OLS)http://pul/subject/7296 700 1 $aRivet, Auguste,$d1868-$0(OLS)http://pul/name/19725 830 0$aCollection de la "Documentation catholique".$0(OLS)http://pul/title/49169 850 $aPUL 852 $aPUL$W1$xDP2 Diritto Canonico 1$y64$m165 A 44$j49093$nBK-PRI$at. 3$qStampati$B49096$CPULBib$Z2$F49096 $82 852 $aPUL$W1$xDP1 Fondo Ciprotti$y59$m1540 B 29-31$j49097$nBK-PRI$b $qFondi$B49097$CPULBib$Z2$F49097 $H $81 852 $aPUL$W1$xDP1 Fondo Ciprotti$y59$m1540 B 29-31$j49097$nBK-PRI$b $qFondi$B49098$CPULBib$Z2$F49098 $H $81 852 $aPUL$W1$xDP1 Fondo Ciprotti$y59$m1540 B 29-31$j49097$nBK-PRI$b $qFondi$B49099$CPULBib$Z2$F49099 $H $81 852 $aPUL$W1$xDP1 Fondo Ciprotti$y59$m1544 E 13$j49100$nBK-PRI$b $qFondi$B49100$CPULBib$Z2$F49100 $H $81 852 $aPUL$W1$xDP1 Cons. Gen., Altre Classi 1$y22$m823 E 19$j125654$nBK-PRI$av. 2, c. 3$qStampati$B124381$CPULBib$Z2$F124381 $82 852 $aPUL$W1$xDP2 Diritto Canonico 1$y64$m165 A 41$j148498$nBK-PRI$at. 1$qStampati$B49093$CPULBib$Z2$F49093 $82 852 $aPUL$W1$xDP2 Diritto Canonico 1$y64$m165 A 42$j148499$nBK-PRI$aAppendice al tomo 1$qStampati$B49094$CPULBib$Z2$F49094 $82 852 $aPUL$W1$xDP2 Diritto Canonico 1$y64$m165 A 43$j148501$nBK-PRI$at. 2$qStampati$B49095$CPULBib$Z2$F49095 $82 941 1 $a8 941 1 $a1 961 $aTimbro: Bibliotheca Pontificium Institutum Utriusque Iuris. 961 $aTimbro: Bibliotheca Pontificium Institutum Utriusque Iuris.Precedente collocazione: Bibliotheca Pontificium Institutum Utriusque Iuris 23 A 26 bis. 961 $aPrecedente collocazione: 23 A 27.Timbro: Bibliotheca Pontificium Institutum Utriusque Iuris. 961 $aTimbro: Bibliotheca Pontificium Institutum Utriusque Iuris. 961 $aINV: F. Ciprotti 961 $aINV: F. Ciprotti 961 $aINV: F. Ciprotti 961 $aINV: F. Ciprotti 996 $6245$aRépertoire pratique de droit civil et écclesiastique$9(OLS)http://pul/title/49168 996 $6260$aParis :$bMaison de la Bonne Presse$9(OLS)http://pul/publisher/54500 LEADER 01054nam a2200265 a 4500 001 000000166707 003 CaOOAMICUS 005 20180314153549.0 008 180314s1970 it u000 u ita r 032 $aLibriCat 040 $aPUL$bita 100 1 $aCaretti, Lanfranco,$d1915-1995.$0(OLS)http://pul/name/56868 245 10$aAriosto e Tasso /$cLanfranco Caretti . 260 $aTorino :$bEinaudi,$c©1970. 300 $a186 p. ; $c18 cm. 490 1 $aPiccola biblioteca Einaudi ;$v138 600 14$aTasso, Torquato,$d1544-1595.$0(OLS)http://pul/subject/11002 600 14$aAriosto, Ludovico,$d1474-1533.$2//ita$0(OLS)http://pul/subject/28793 830 0$aPiccola biblioteca Einaudi ;$v138.$0(OLS)http://pul/title/8551 850 $aPUL 852 $aPUL$W1$xDP1 Fondo Dalla Palma$y117$m1 C 51$j42000$qFondi$B194152$CPULBib$Z2$F194152 $HDal774 $81 941 1 $a1 996 $6245$aAriosto e Tasso$9(OLS)http://pul/title/206453 996 $6260$aTorino :$bEinaudi$9(OLS)http://pul/publisher/48130